<?xml version="1.0" encoding="UTF-8"?>
<record
    xmlns:xsi="http://www.w3.org/2001/XMLSchema-instance"
    xsi:schemaLocation="http://www.loc.gov/MARC21/slim http://www.loc.gov/standards/marcxml/schema/MARC21slim.xsd"
    xmlns="http://www.loc.gov/MARC21/slim">

  <leader>02016nam a2200301 a 4500</leader>
  <controlfield tag="003">CHAP</controlfield>
  <controlfield tag="005">20221111182031.0</controlfield>
  <controlfield tag="007">ta</controlfield>
  <controlfield tag="008">221111s2022    -usadkof |||| 001 0 eng d</controlfield>
  <datafield tag="020" ind1=" " ind2=" ">
    <subfield code="a">978-1-337-79360-5</subfield>
  </datafield>
  <datafield tag="040" ind1=" " ind2=" ">
    <subfield code="a">mxchpua</subfield>
    <subfield code="c">CHAP</subfield>
    <subfield code="e">rda</subfield>
  </datafield>
  <datafield tag="050" ind1="1" ind2="0">
    <subfield code="a">QA276.12</subfield>
    <subfield code="b">.U88 2022</subfield>
  </datafield>
  <datafield tag="082" ind1="0" ind2="0">
    <subfield code="2">20</subfield>
    <subfield code="a">519.5</subfield>
    <subfield code="b">U88 2022</subfield>
  </datafield>
  <datafield tag="100" ind1="1" ind2=" ">
    <subfield code="9">185656</subfield>
    <subfield code="a">Utts, Jessica M.</subfield>
    <subfield code="e">autor</subfield>
  </datafield>
  <datafield tag="245" ind1="1" ind2="0">
    <subfield code="a">Mind on statistics /</subfield>
    <subfield code="c">Jessica M. Utts y Robert F. Heckard</subfield>
  </datafield>
  <datafield tag="250" ind1=" " ind2=" ">
    <subfield code="a">6a edici&#xF3;n</subfield>
  </datafield>
  <datafield tag="264" ind1=" " ind2=" ">
    <subfield code="a">Estados Unidos de Am&#xE9;rica :</subfield>
    <subfield code="b">Cengage Learning,</subfield>
    <subfield code="c">2022</subfield>
  </datafield>
  <datafield tag="300" ind1=" " ind2=" ">
    <subfield code="a">xxiii, 739 p&#xE1;ginas : </subfield>
    <subfield code="b">ilustraciones (algunas en color), gr&#xE1;ficas, tablas, formularios, fotos ; </subfield>
    <subfield code="c">29 cm.</subfield>
  </datafield>
  <datafield tag="336" ind1=" " ind2=" ">
    <subfield code="2">rdacontent</subfield>
    <subfield code="a">texto</subfield>
    <subfield code="b">txt</subfield>
  </datafield>
  <datafield tag="337" ind1=" " ind2=" ">
    <subfield code="2">rdamedia</subfield>
    <subfield code="a">sin medio</subfield>
    <subfield code="b">n</subfield>
  </datafield>
  <datafield tag="338" ind1=" " ind2=" ">
    <subfield code="2">rdacarrier</subfield>
    <subfield code="a">volumen</subfield>
    <subfield code="b">nc</subfield>
  </datafield>
  <datafield tag="504" ind1=" " ind2=" ">
    <subfield code="a">Bibliograf&#xED;a: p&#xE1;ginas 759-764</subfield>
  </datafield>
  <datafield tag="520" ind1=" " ind2=" ">
    <subfield code="a">Learn why statistics are important and how you can use statistical principles and methods to make better decisions in your professional and daily life with Utts/Heckard's MIND ON STATISTICS, 6th Edition. This unique approach changes any preconceptions you may have about statistics being boring as you develop a conceptual understanding of statistical ideas and learn the importance of looking for -- and finding -- meaning in data. Intriguing questions capture your attention while meaningful explanations demonstrate the relevance of statistical with updated and new examples and contemporary case studies. You develop a strong statistical intuition as you learn to analyze data and interpret results. As you strengthen your statistical literacy, you also develop an understanding of statistical methodology. A new Statistical Analysis and Learning Tool (SALT) within WebAssign helps you visualize statistics and gain a deeper conceptual understanding of the meaning behind the data. </subfield>
  </datafield>
  <datafield tag="650" ind1="1" ind2="0">
    <subfield code="9">146193</subfield>
    <subfield code="a">Estad&#xED;stica </subfield>
    <subfield code="x"> Libros de texto</subfield>
  </datafield>
  <datafield tag="650" ind1="1" ind2="0">
    <subfield code="9">147263</subfield>
    <subfield code="a">Mathematical statistics</subfield>
    <subfield code="x">Textbooks</subfield>
  </datafield>
  <datafield tag="700" ind1="1" ind2=" ">
    <subfield code="9">185657</subfield>
    <subfield code="a">Heckard, Robert F.</subfield>
    <subfield code="e">autor</subfield>
  </datafield>
  <datafield tag="942" ind1=" " ind2=" ">
    <subfield code="2">ddc</subfield>
    <subfield code="c">Libro</subfield>
  </datafield>
  <datafield tag="999" ind1=" " ind2=" ">
    <subfield code="c">217785</subfield>
    <subfield code="d">217785</subfield>
  </datafield>
  <datafield tag="952" ind1=" " ind2=" ">
    <subfield code="0">0</subfield>
    <subfield code="1">0</subfield>
    <subfield code="2">ddc</subfield>
    <subfield code="4">0</subfield>
    <subfield code="5">1</subfield>
    <subfield code="7">0</subfield>
    <subfield code="8">GRAL</subfield>
    <subfield code="a">IA_</subfield>
    <subfield code="b">IA_</subfield>
    <subfield code="d">2022-10-30</subfield>
    <subfield code="e">Compra Carvann Books F C56</subfield>
    <subfield code="i">275255</subfield>
    <subfield code="l">0</subfield>
    <subfield code="o">519.5 U88 2022</subfield>
    <subfield code="p">1102014380</subfield>
    <subfield code="r">2022-11-11 00:00:00</subfield>
    <subfield code="t">Ej.1</subfield>
    <subfield code="w">2022-10-30</subfield>
    <subfield code="y">LIBRO</subfield>
  </datafield>
  <datafield tag="952" ind1=" " ind2=" ">
    <subfield code="0">0</subfield>
    <subfield code="1">0</subfield>
    <subfield code="2">ddc</subfield>
    <subfield code="4">0</subfield>
    <subfield code="5">5</subfield>
    <subfield code="7">0</subfield>
    <subfield code="8">GRAL</subfield>
    <subfield code="a">IA_</subfield>
    <subfield code="b">IA_</subfield>
    <subfield code="d">2022-10-30</subfield>
    <subfield code="e">Compra Carvann Books F. C56</subfield>
    <subfield code="i">275254</subfield>
    <subfield code="l">4</subfield>
    <subfield code="o">519.5 U88 2022</subfield>
    <subfield code="p">1102014381</subfield>
    <subfield code="r">2026-03-13 11:44:30</subfield>
    <subfield code="s">2026-02-19</subfield>
    <subfield code="t">Ej. 2</subfield>
    <subfield code="w">2022-10-30</subfield>
    <subfield code="y">LIBRO</subfield>
  </datafield>
</record>
